All Arkham Horror LCG Investigators - Statistics

General Stats
  • This quiz has been taken 11 times
  • The average score is 41 of 58
Answer Stats
Hint Answer % Correct
Guardian: The Forgotten Age Leo Anderson
100%
Seeker: The Path to Carcosa Minh Thi Phan
100%
Mystic: Core Set Agnes Baker
89%
Rogue: The Forgotten Age Finn Edwards
89%
Rogue: The Dunwich Horror Jenny Barnes
89%
Neutral: The Path to Carcosa Lola Hayes
89%
Seeker: The Dream-Eaters Mandy Thompson
89%
Rogue: The Circle Undone Preston Fairmont
89%
Seeker: The Dunwich Horror Rex Murphy
89%
Guardian: Core Set Roland Banks
89%
Rogue: Core Set "Skids" O'Toole
89%
Survivor: Starter Deck Stella Clark
89%
Seeker: The Forgotten Age Ursula Downs
89%
Survivor: Core Set Wendy Adams
89%
Guardian: The Dunwich Horror Zoey Samaras
89%
Survivor: The Dunwich Horror "Ashcan" Pete
78%
Neutral: The Scarlet Keys Charlie Kane
78%
Seeker: Core Set Daisy Walker
78%
Guardian: Edge of the Earth Daniela Reyes
78%
Mystic: The Forgotten Age Father Mateo
78%
Seeker: The Circle Undone Joe Diamond
78%
Guardian: The Path to Carcosa Mark Harrigan
78%
Guardian: Starter Deck Nathaniel Cho
78%
Guardian: The Innsmouth Conspiracy Sister Mary
78%
Survivor: The Path to Carcosa William Yorick
78%
Rogue: Starter Deck Winifred Habbamock
78%
Mystic: The Path to Carcosa Akachi Onyele
67%
Seeker: The Innsmouth Conspiracy Amanda Sharpe
67%
Survivor: Edge of the Earth Bob Jenkins
67%
Survivor: The Forgotten Age Calvin Wright
67%
Guardian: The Scarlet Keys Carson Sinclair
67%
Mystic: The Circle Undone Diana Stanley
67%
Survivor: The Feast of Hemlock Vale Hank Samson
67%
Mystic: Starter Deck Jacqueline Fine
67%
Mystic: The Dunwich Horror Jim Culver
67%
Rogue: The Scarlet Keys Kymani Jones
67%
Mystic: Edge of the Earth Lily Chen
67%
Seeker: Edge of the Earth Norman Withers
67%
Survivor: The Circle Undone Rita Young
67%
Rogue: The Dream-Eaters Tony Morgan
67%
Seeker: The Scarlet Keys Vincent Lee
67%
Rogue: The Feast of Hemlock Vale Alessandra Zorzi
56%
Mystic: The Scarlet Keys Amina Zidane
56%
Guardian: The Circle Undone Carolyn Fern
56%
Mystic: The Innsmouth Conspiracy Dexter Drake
56%
Seeker: Starter Deck Harvey Walters
56%
Seeker: The Feast of Hemlock Vale Kate Winthrop
56%
Mystic: The Feast of Hemlock Vale Kohaku Narukami
56%
Mystic: The Dream-Eaters Luke Robinson
56%
Mystic: The Circle Undone Marie Lambeau
56%
Rogue: Edge of the Earth Monterey Jack
56%
Rogue: The Path to Carcosa Sefina Rousseau
56%
Survivor: The Innsmouth Conspiracy Silas Marsh
56%
Guardian: The Dream-Eaters Tommy Muldoon
56%
Rogue: The Innsmouth Conspiracy Trish Scarborough
56%
Guardian: The Feast of Hemlock Vale Wilson Richards
56%
Survivor: The Scarlet Keys Darrell Simmons
44%
Survivor: The Dream-Eaters Patrice Hathaway
44%
No matching quizzes found
Score Distribution
Percent of People with Each Score
Percentile by Number Answered
Your Score History
You have not taken this quiz